[Event "C.to Provinciale VR"]
[Site "Zevio ITA"]
[Date "2014.01.19"]
[Round "3"]
[White "Sprea, Giuseppe"]
[Black "Guerra, Alessandro"]
[WhiteElo "1915"]
[BlackElo "2190"]
[Result "1/2-1/2"]
[PlyCount "115"]
[EventDate "2014.01.18"]

1. d4 Nf6 2. Nf3 d6 3. g3 Bg4 4. Bg2 Nbd7 5. O-O e5 6. dxe5 dxe5 7. Nc3 Bc5 8.
Ng5 h6 9. Nge4 Nxe4 10. Nxe4 Bb6 11. c4 O-O 12. Nc3 c6 13. Qc2 a5 14. Na4 Bd4
15. e3 Ba7 16. b3 Qe7 17. h3 Be6 18. Bb2 f5 19. Rae1 e4 20. Rd1 Bb8 21. Qc1 Rd8
22. Ba3 Qe8 23. Nc5 Nxc5 24. Bxc5 Bc7 25. Rxd8 Bxd8 26. Rd1 a4 27. Bd4 Be7 28.
Qc3 Qh5 29. Rb1 axb3 30. axb3 Bf8 31. Ra1 Rxa1+ 32. Qxa1 b5 33. Qa8 bxc4 34.
Qxc6 Qf7 35. bxc4 Bxc4 36. Qc8 Be6 37. Qb8 Qe7 38. Qa7 Qb4 39. Qa1 Bc4 40. Bf1
Bd3 41. Kg2 Qc4 42. Kg1 Kh7 43. Kg2 Bb4 44. Kg1 Qc7 45. Kg2 Bd6 46. Qc3 Qb7 47.
Qb2 Qxb2 48. Bxb2 Bb4 49. Be5 g5 50. Kg1 Kg6 51. Bg2 Bf8 52. g4 fxg4 53. hxg4
Kf7 54. f3 Ke6 55. Bd4 Kd5 56. fxe4+ Bxe4 57. Bxe4+ Kxe4 58. Kf2 1/2-1/2

[Event "C.to Provinciale VR"]
[Site "Zevio ITA"]
[Date "2014.01.19"]
[Round "3"]
[White "Vezzelli, Daniele"]
[Black "Mattioli, Mario"]
[WhiteElo "1661"]
[BlackElo "1533"]
[Result "1-0"]
[PlyCount "97"]
[EventDate "2014.01.18"]

1. e4 d5 2. exd5 Qxd5 3. Nc3 Qd6 4. Nf3 Nf6 5. d4 c6 6. g3 Bf5 7. Bg2 e6 8. O-O
Qc7 9. Bf4 Bd6 10. Bxd6 Qxd6 11. a3 Nbd7 12. h3 O-O 13. Re1 Rad8 14. Qe2 Rfe8
15. Rad1 Qc7 16. g4 Bg6 17. Nh4 Nb6 18. Nxg6 hxg6 19. b4 Nbd5 20. Nxd5 cxd5 21.
Qd2 Rc8 22. Rc1 Qc3 23. Qe3 Rc7 24. Red1 Qxe3 25. fxe3 Rc3 26. Rd3 Rec8 27.
Rxc3 Rxc3 28. Kf2 b5 29. g5 Nd7 30. Bf1 a6 31. a4 bxa4 32. Bxa6 a3 33. Bd3 Nb6
34. Ke2 Nc4 35. Bxc4 Rxc4 36. c3 Rc8 37. Kd2 Kf8 38. Ra1 Ra8 39. Kc2 Ke7 40.
Kb3 a2 41. Rxa2 Rxa2 42. Kxa2 Kd7 43. Ka3 Kc6 44. Ka4 Kb6 45. b5 f6 46. h4 e5
47. Kb4 exd4 48. cxd4 fxg5 49. hxg5 1-0

[Event "C.to Provinciale VR"]
[Site "Zevio ITA"]
[Date "2014.01.19"]
[Round "3"]
[White "Zanchetta, Nicola"]
[Black "Fratton, Zeno"]
[WhiteElo "1897"]
[BlackElo "1785"]
[Result "1-0"]
[PlyCount "69"]
[EventDate "2014.01.18"]

1. e4 c5 2. Nf3 e6 3. d3 d5 4. Nbd2 Nc6 5. g3 Nf6 6. Bg2 g6 7. O-O Bg7 8. c3
dxe4 9. dxe4 O-O 10. Qc2 Qc7 11. Re1 e5 12. a4 h6 13. Bf1 Be6 14. Bc4 Rad8 15.
Kg2 Rd7 16. h3 Bxc4 17. Nxc4 Rfd8 18. g4 h5 19. Bg5 Re8 20. Bxf6 Bxf6 21. Rad1
hxg4 22. hxg4 Red8 23. Ne3 Ne7 24. g5 Bg7 25. Nh2 f6 26. gxf6 Bxf6 27. Nhg4 Bg7
28. Rxd7 Rxd7 29. Qb3+ Kf8 30. Rh1 Qc6 31. f3 b6 32. Rh7 Nc8 33. Nh6 Qf6 34.
Qg8+ Ke7 35. Nd5+ 1-0

[Event "C.to Provinciale VR"]
[Site "Zevio ITA"]
[Date "2014.01.19"]
[Round "3"]
[White "Zonta, Riccardo"]
[Black "Benedetti, Maurizio"]
[WhiteElo "1634"]
[BlackElo "1755"]
[Result "1/2-1/2"]
[PlyCount "45"]
[EventDate "2014.01.18"]

1. e4 c5 2. Ne2 Nc6 3. g3 Nf6 4. Bg2 d6 5. O-O Bg4 6. f3 Bd7 7. c3 g6 8. d3 Bg7
9. Be3 O-O 10. Nd2 Ne5 11. Qc2 Rc8 12. Rad1 Qc7 13. h3 Bb5 14. c4 Bd7 15. Kh2
Rfe8 16. Nc3 e6 17. Ndb1 Nc6 18. b3 h5 19. f4 Nd4 20. Qd2 Bc6 21. Na3 a6 22.
Nc2 Nxc2 23. Qxc2 1/2-1/2

[Event "C.to Provinciale VR"]
[Site "Zevio ITA"]
[Date "2014.01.25"]
[Round "4"]
[White "Benedetti, Maurizio"]
[Black "Bartiromo, Gerardo"]
[WhiteElo "1755"]
[BlackElo "1676"]
[Result "1-0"]
[PlyCount "111"]
[EventDate "2014.01.18"]

1. e4 e5 2. Nf3 Nc6 3. Bb5 Bc5 4. c3 Nf6 5. d4 exd4 6. cxd4 Bb4+ 7. Bd2 Bxd2+
8. Nbxd2 O-O 9. O-O d6 10. h3 Bd7 11. Re1 a6 12. Bd3 Re8 13. Rc1 Nb4 14. Bb1
Bb5 15. Rc3 Bd7 16. a3 Nc6 17. Qc2 g6 18. d5 Nxd5 19. exd5 Rxe1+ 20. Nxe1 Nd4
21. Qe4 Nf5 22. Nef3 c5 23. dxc6 Bxc6 24. Qf4 Ng7 25. Nc4 d5 26. Nce5 Qc7 27.
Qc1 d4 28. Rc4 Rd8 29. Nxc6 bxc6 30. Rxc6 Qd7 31. Rc7 Qd5 32. Rc8 Ne6 33. Rxd8+
Qxd8 34. Qd1 Qb6 35. b4 Qd6 36. Ba2 Nf4 37. Qb3 Ne6 38. Qd5 Qf4 39. Qc6 Nc7 40.
Nxd4 Qxd4 41. Qxc7 Qa1+ 42. Kh2 Qxa2 43. Qc8+ Kg7 44. Qxa6 Qxf2 45. Qd6 Qa7 46.
b5 Qb7 47. b6 Qa6 48. Qc7 Qxa3 49. b7 Qa1 50. b8=Q Qd4 51. Qe5+ Qxe5+ 52. Qxe5+
f6 53. Qe7+ Kh6 54. Qxf6 Kh5 55. Qg7 h6 56. Kg3 1-0

[Event "C.to Provinciale VR"]
[Site "Zevio ITA"]
[Date "2014.01.25"]
[Round "4"]
[White "Bertani, Gianfranco"]
[Black "Vezzelli, Daniele"]
[WhiteElo "2071"]
[BlackElo "1661"]
[Result "1-0"]
[PlyCount "45"]
[EventDate "2014.01.18"]

1. d4 Nf6 2. e3 g6 3. f4 Bg7 4. Nf3 O-O 5. Bd3 c5 6. O-O cxd4 7. exd4 d6 8. c3
Nc6 9. Qe1 Qc7 10. f5 Rb8 11. Qh4 Re8 12. fxg6 hxg6 13. Bg5 b5 14. Nbd2 Qd8 15.
a3 a6 16. Rae1 Be6 17. Rxe6 fxe6 18. Bxg6 Rf8 19. Be3 Re8 20. Ng5 Qd7 21. Bf7+
Kf8 22. Bxe6 Qd8 23. Nh7# 1-0

[Event "C.to Provinciale VR"]
[Site "Zevio ITA"]
[Date "2014.01.25"]
[Round "4"]
[White "Cacco, Christian"]
[Black "Giuriato, Sergio"]
[WhiteElo "2332"]
[BlackElo "1936"]
[Result "1-0"]
[PlyCount "83"]
[EventDate "2014.01.18"]

1. c4 e6 2. Nf3 Nf6 3. b3 d5 4. Bb2 c5 5. e3 Nc6 6. cxd5 exd5 7. d3 Be7 8. Be2
O-O 9. O-O Qb6 10. Nc3 Rd8 11. d4 cxd4 12. Na4 Qa5 13. Nxd4 Nxd4 14. Bxd4 Bd7
15. Nc3 Rac8 16. Qd3 Bc6 17. a3 a6 18. b4 Qc7 19. Rac1 Qd7 20. Bb6 Re8 21. Rfd1
Qe6 22. Bf3 Bd6 23. Bd4 Ne4 24. h3 Bb8 25. Qf1 Ng5 26. Be2 Ne4 27. Bd3 Qh6 28.
Ne2 Rcd8 29. f3 Nf6 30. Qf2 Nd7 31. f4 Qe6 32. Ng3 Nf6 33. Nf5 g6 34. Nh6+ Kf8
35. Qh4 Ne4 36. Ng4 h5 37. Bxe4 dxe4 38. Bc5+ Kg7 39. Rxd8 hxg4 40. Bd4+ f6 41.
Rxc6 Qxc6 42. Rxe8 1-0

[Event "C.to Provinciale VR"]
[Site "Zevio ITA"]
[Date "2014.01.25"]
[Round "4"]
[White "Cantore, Michele"]
[Black "Negro, Raffaele"]
[WhiteElo "1440"]
[BlackElo "1802"]
[Result "0-1"]
[PlyCount "74"]
[EventDate "2014.01.18"]

1. e4 b6 2. d4 Bb7 3. Nc3 e6 4. Be3 Bb4 5. f3 Nf6 6. a3 Bxc3+ 7. bxc3 d5 8. e5
Nfd7 9. Bb5 Ba6 10. a4 c6 11. Bxa6 Nxa6 12. Qd3 Nc7 13. Ne2 c5 14. O-O Qc8 15.
f4 g6 16. h3 Na6 17. Rf3 cxd4 18. Nxd4 Nac5 19. Qf1 Ne4 20. Nb5 O-O 21. Bd4 Nd2
22. Qf2 Nxf3+ 23. Qxf3 Nc5 24. Nd6 Qd7 25. a5 Nb7 26. h4 Nxd6 27. exd6 Qxd6 28.
Bf6 bxa5 29. Qg4 Qc5+ 30. Bd4 Qe7 31. Rxa5 h5 32. Qe2 Qc7 33. Rc5 Qxf4 34. Be5
Qxh4 35. Qd2 Qe4 36. Bf6 Qf5 37. Be5 Kh7 0-1

[Event "C.to Provinciale VR"]
[Site "Zevio ITA"]
[Date "2014.01.25"]
[Round "4"]
[White "Cavicchi, Francesco"]
[Black "Antolini, Aldo"]
[WhiteElo "1705"]
[BlackElo "1737"]
[Result "0-1"]
[PlyCount "46"]
[EventDate "2014.01.18"]

1. d4 Nf6 2. Nf3 e6 3. c4 d5 4. e3 b6 5. cxd5 exd5 6. Nc3 Bb7 7. Bd3 c5 8. a3
c4 9. Bc2 Be7 10. g4 h6 11. Bd2 Nc6 12. Qe2 Qd7 13. h3 a6 14. Na2 b5 15. Nb4
Nxb4 16. axb4 Bd6 17. Bc3 g6 18. O-O-O Qe7 19. Qd2 a5 20. bxa5 b4 21. Ba4+ Kf8
22. g5 bxc3 23. Qxc3 Ne4 0-1

[Event "C.to Provinciale VR"]
[Site "Zevio ITA"]
[Date "2014.01.25"]
[Round "4"]
[White "Cordioli, Luca"]
[Black "Gallo, Pietro"]
[WhiteElo "1738"]
[BlackElo "1550"]
[Result "1/2-1/2"]
[PlyCount "96"]
[EventDate "2014.01.18"]

1. e4 c5 2. Nf3 Nc6 3. d4 cxd4 4. Nxd4 Nf6 5. Nc3 e6 6. Ndb5 d6 7. Bg5 a6 8.
Bxf6 gxf6 9. Nd4 e5 10. Nb3 f5 11. Bd3 f4 12. Bc4 Qg5 13. Rg1 Be6 14. Qe2 Rc8
15. Bxe6 fxe6 16. Qf3 Nd4 17. Nxd4 exd4 18. Ne2 Rxc2 19. Nxd4 Rxb2 20. Qc3 Rb6
21. Nf3 Qg7 22. Qc8+ Kf7 23. Qd7+ Be7 24. Rc1 Rc6 25. Rxc6 bxc6 26. e5 dxe5 27.
Qxc6 e4 28. Qxe4 Qa1+ 29. Ke2 Qxa2+ 30. Nd2 Bg5 31. Rb1 Qd5 32. Rb7+ Kf6 33.
Qxd5 exd5 34. Rb6+ Ke5 35. Rxa6 h6 36. Kd3 Rd8 37. h4 Bf6 38. Nf3+ Kf5 39. Nd4+
Bxd4 40. Kxd4 h5 41. Rh6 Kg4 42. Rf6 Kxh4 43. Rxf4+ Kg5 44. Rf3 h4 45. Re3 Kf4
46. Re7 Kg4 47. Re5 Kf4 48. Re2 Rg8 1/2-1/2

[Event "C.to Provinciale VR"]
[Site "Zevio ITA"]
[Date "2014.01.25"]
[Round "4"]
[White "Curto, Carlo Alberto"]
[Black "Bonini, Roberto"]
[WhiteElo "1657"]
[BlackElo "1872"]
[Result "0-1"]
[PlyCount "116"]
[EventDate "2014.01.18"]

1. e4 c5 2. Nf3 d6 3. c3 Nf6 4. e5 dxe5 5. Nxe5 Qc7 6. d4 e6 7. Bb5+ Nbd7 8.
O-O Be7 9. Bf4 Qb6 10. Qa4 cxd4 11. Rd1 a6 12. Bxd7+ Nxd7 13. Nxd7 Bxd7 14.
Qxd4 Qxd4 15. Rxd4 f6 16. Bd6 e5 17. Rd2 Bxd6 18. Rxd6 Ke7 19. Rd2 Rhd8 20. Kf1
Bc6 21. g3 Bd5 22. Ke1 Rd6 23. b3 Rad8 24. c4 Bc6 25. Rxd6 Kxd6 26. b4 Ke6 27.
Nd2 Rd4 28. a3 b6 29. Ke2 e4 30. c5 bxc5 31. Nb3 Bb5+ 32. Ke1 Rd6 33. Nxc5+ Ke5
34. Rc1 Rd4 35. Rd1 Rxd1+ 36. Kxd1 Bc4 37. Kd2 Kd4 38. Nb7 Bd5 39. Nc5 a5 40.
Na6 Bc4 41. Nc7 axb4 42. axb4 Bf7 43. b5 Kc5 44. Kc3 f5 45. Na6+ Kxb5 46. Nb4
Kc5 47. Nc2 Kd5 48. Ne3+ Ke5 49. h4 Be6 50. Ng2 Bf7 51. Kd2 h6 52. Ke3 g5 53.
f4+ exf3 54. Kxf3 Bd5+ 55. Kf2 Bxg2 56. Kxg2 gxh4 57. gxh4 Kf4 58. Kf2 h5 0-1

[Event "C.to Provinciale VR"]
[Site "Zevio ITA"]
[Date "2014.01.25"]
[Round "4"]
[White "Dalla Vecchia, Paolo"]
[Black "Faccia, Sergio"]
[WhiteElo "1884"]
[BlackElo "2033"]
[Result "1-0"]
[PlyCount "102"]
[EventDate "2014.01.18"]

1. d4 c5 2. d5 Nf6 3. c4 b5 4. cxb5 a6 5. bxa6 Bxa6 6. Nc3 g6 7. e4 Bxf1 8.
Kxf1 d6 9. Nf3 Bg7 10. g3 Nbd7 11. Rb1 O-O 12. Kg2 Ng4 13. Qe2 Qa5 14. Nd2 Bxc3
15. bxc3 Ngf6 16. Nc4 Qxa2 17. Rb2 Qa6 18. Re1 Rfb8 19. Rxb8+ Rxb8 20. Nd2 Qxe2
21. Rxe2 Ne5 22. Nf3 Nxf3 23. Kxf3 Rb3 24. Bd2 Nd7 25. Ke3 Ne5 26. f4 Nc4+ 27.
Kd3 Nxd2 28. Rxd2 Kg7 29. Kc4 Rb1 30. Re2 h5 31. e5 h4 32. exd6 exd6 33. gxh4
Kf6 34. Ra2 Rf1 35. Kb5 Rxf4 36. Kc6 Rc4 37. Kxd6 Rxc3 38. Rf2+ Kg7 39. Kc7 Kf8
40. d6 Ra3 41. d7 Ra7+ 42. Kc8 Ra8+ 43. Kb7 Rd8 44. Kc7 Rxd7+ 45. Kxd7 Kg7 46.
Rc2 f5 47. Rxc5 Kh6 48. Rc4 g5 49. hxg5+ Kxg5 50. Ke6 f4 51. Ke5 f3 1-0

[Event "C.to Provinciale VR"]
[Site "Zevio ITA"]
[Date "2014.01.25"]
[Round "4"]
[White "Della Sala, Bruno"]
[Black "Sprea, Giuseppe"]
[WhiteElo "1959"]
[BlackElo "1915"]
[Result "1/2-1/2"]
[PlyCount "62"]
[EventDate "2014.01.18"]

1. d4 Nf6 2. c4 e6 3. Nf3 b6 4. e3 Bb7 5. Bd3 Be7 6. O-O O-O 7. Nc3 d5 8. cxd5
exd5 9. Ne2 Ne4 10. Qc2 Nd7 11. b3 h6 12. Ne5 Nxe5 13. dxe5 Nc5 14. Bf5 Bc8 15.
Nd4 Bxf5 16. Qxf5 Qd7 17. Qxd7 Nxd7 18. Nc6 Rfe8 19. Rd1 Nb8 20. Nxe7+ Rxe7 21.
Rxd5 Nc6 22. Bb2 Rd8 23. Rxd8+ Nxd8 24. f4 Rd7 25. Bc1 c5 26. Kf2 Rd1 27. Ke2
Rg1 28. Kf3 Rf1+ 29. Kg3 Re1 30. Kf2 Rd1 31. Ke2 Rg1 1/2-1/2

[Event "C.to Provinciale VR"]
[Site "Zevio ITA"]
[Date "2014.01.25"]
[Round "4"]
[White "Fiscato, Claudio"]
[Black "Pisani, Valerio"]
[WhiteElo "1768"]
[BlackElo "1725"]
[Result "0-1"]
[PlyCount "70"]
[EventDate "2014.01.18"]

1. c4 Nf6 2. g3 g6 3. Bg2 Bg7 4. Nc3 e5 5. e4 Nc6 6. Nf3 d6 7. d3 h6 8. O-O O-O
9. Rb1 Be6 10. b4 Qd7 11. b5 Ne7 12. a4 b6 13. Bd2 Bh3 14. Rc1 Bxg2 15. Kxg2
Nh7 16. Nd5 f5 17. Nh4 Nxd5 18. cxd5 fxe4 19. dxe4 Rf6 20. Rc3 Raf8 21. Qc1 Qg4
22. f3 Qh5 23. Qe1 g5 24. Nf5 g4 25. Rxc7 Qh3+ 26. Kg1 Rxf5 27. exf5 Rxf5 28.
fxg4 Rxf1+ 29. Qxf1 Qxg4 30. Rc4 e4 31. Qe1 Nf6 32. Bc3 h5 33. Bxf6 Bxf6 34.
Rxe4 Qf3 35. Qe2 Bd4+ 0-1

[Event "C.to Provinciale VR"]
[Site "Zevio ITA"]
[Date "2014.01.25"]
[Round "4"]
[White "Gneo, Marco"]
[Black "Luciani, Valerio"]
[WhiteElo "1775"]
[BlackElo "2229"]
[Result "1/2-1/2"]
[PlyCount "104"]
[EventDate "2014.01.18"]

1. Nf3 Nf6 2. d4 d5 3. c4 e6 4. Nc3 c5 5. g3 Nc6 6. cxd5 exd5 7. Bg2 Be7 8. O-O
O-O 9. h3 c4 10. Bf4 a6 11. Ne5 Be6 12. Qd2 Qc8 13. Kh2 b5 14. e4 Rd8 15. Nxc6
Qxc6 16. e5 b4 17. exf6 bxc3 18. bxc3 Bxf6 19. Bg5 Bxg5 20. Qxg5 f6 21. Qf4
Rab8 22. Rab1 Rb5 23. Rxb5 Qxb5 24. Re1 Qb6 25. h4 a5 26. Qe3 Bf7 27. Qf4 Kf8
28. Qf5 g6 29. Qf4 Kg7 30. Re7 Rd6 31. g4 Qd8 32. Ra7 Qb6 33. Re7 Kf8 34. Re1
Qb8 35. Rb1 Qc7 36. Rb5 Qd8 37. Rxa5 g5 38. Qg3 gxh4 39. Qf4 h3 40. Bf3 Qxa5
41. Qxd6+ Kg7 42. g5 fxg5 43. Qe5+ Kf8 44. Qf6 Qc7+ 45. Kxh3 Qe7 46. Qh6+ Kg8
47. a4 Qd7+ 48. Bg4 Qxa4 49. Qxg5+ Kf8 50. Bf5 Qa1 51. Qd8+ Kg7 52. Qg5+ Kf8
1/2-1/2

[Event "C.to Provinciale VR"]
[Site "Zevio ITA"]
[Date "2014.01.25"]
[Round "4"]
[White "Guerra, Alessandro"]
[Black "Negro, Roberto"]
[WhiteElo "2190"]
[BlackElo "2169"]
[Result "1-0"]
[PlyCount "51"]
[EventDate "2014.01.18"]

1. e4 d5 2. exd5 Qxd5 3. Nc3 Qd6 4. d4 Nf6 5. Nge2 Bg4 6. f3 Bf5 7. Bf4 Qd7 8.
Ng3 c6 9. Qd2 Bg6 10. h4 h6 11. h5 Bh7 12. Nge4 Nxe4 13. fxe4 e6 14. d5 Bb4 15.
Qd4 Bxc3+ 16. Qxc3 O-O 17. Be5 exd5 18. Bxg7 Re8 19. O-O-O f5 20. Bxh6 Rxe4 21.
Bd3 Rg4 22. Qf6 Na6 23. Be2 Rg3 24. Qh4 Qc7 25. Bf4 Rg4 26. Qxg4+ 1-0

[Event "C.to Provinciale VR"]
[Site "Zevio ITA"]
[Date "2014.01.25"]
[Round "4"]
[White "Kurylovich, Alena"]
[Black "Caldonazzo, Matteo"]
[WhiteElo "1615"]
[BlackElo "1940"]
[Result "1-0"]
[PlyCount "73"]
[EventDate "2014.01.18"]

1. d4 Nf6 2. c4 e6 3. Nc3 Bb4 4. Bd2 c5 5. a3 cxd4 6. axb4 dxc3 7. Bxc3 O-O 8.
e3 d5 9. c5 Nbd7 10. Nf3 Qc7 11. Qd4 b6 12. Rc1 Re8 13. Ne5 bxc5 14. bxc5 Qxc5
15. Nxd7 Qxd4 16. Nxf6+ Qxf6 17. Bxf6 gxf6 18. Rc7 Kf8 19. Bd3 Re7 20. Rc2 Rb8
21. Ke2 Reb7 22. Rb1 Bd7 23. Kf3 Bb5 24. Bxb5 Rxb5 25. Rc7 R8b7 26. Rc8+ Ke7
27. Ra8 a5 28. Rc1 Rb8 29. Rc7+ Kf8 30. Raa7 Rxb2 31. Rxf7+ Kg8 32. Rg7+ Kf8
33. Rxh7 Kg8 34. Rhg7+ Kh8 35. h4 a4 36. h5 Rg8 37. Rh7# 1-0

[Event "C.to Provinciale VR"]
[Site "Zevio ITA"]
[Date "2014.01.25"]
[Round "4"]
[White "Leone, Cataldo"]
[Black "Di Tullio, Giuseppe"]
[WhiteElo "1619"]
[BlackElo "1440"]
[Result "1-0"]
[PlyCount "67"]
[EventDate "2014.01.18"]

1. e4 e5 2. f4 exf4 3. Nf3 Be7 4. d4 c6 5. Bc4 d5 6. exd5 cxd5 7. Bb3 Nf6 8.
Bxf4 O-O 9. O-O Nc6 10. Nc3 Bg4 11. Be5 Be6 12. Ng5 Qd7 13. Nxe6 Qxe6 14. Bxf6
Bxf6 15. Nxd5 Bxd4+ 16. Kh1 Qd6 17. Qf3 Ne5 18. Qf4 Bxb2 19. Rae1 Rae8 20. Qg3
Re6 21. c3 Rfe8 22. Re2 Qc6 23. Rxb2 Rg6 24. Qh4 Qe6 25. Nf4 Qg4 26. Qxg4 Rxg4
27. Re2 g6 28. h3 Rg3 29. Rfe1 Kg7 30. Rxe5 Rd8 31. Re7 Rd2 32. Rxf7+ Kh6 33.
Ree7 g5 34. Rxh7# 1-0

[Event "C.to Provinciale VR"]
[Site "Zevio ITA"]
[Date "2014.01.25"]
[Round "4"]
[White "Marcori, Mirko"]
[Black "Zonta, Riccardo"]
[WhiteElo "1752"]
[BlackElo "1634"]
[Result "1-0"]
[PlyCount "69"]
[EventDate "2014.01.18"]

1. d4 d5 2. Nf3 Nf6 3. c4 c6 4. cxd5 cxd5 5. e3 Qb6 6. Nc3 Nc6 7. Bd3 Bg4 8.
O-O e6 9. a3 Be7 10. h3 Bh5 11. b4 O-O 12. Bb2 a6 13. Na4 Qa7 14. Rc1 Rfc8 15.
Nc5 b5 16. Qe2 Nd7 17. e4 Nxc5 18. dxc5 d4 19. g4 Bg6 20. Nxd4 Ne5 21. Nxb5 Qb8
22. Bxe5 Qxe5 23. f4 Qb8 24. Nc3 f6 25. Na4 Bd8 26. Bxa6 Rc7 27. b5 Re7 28. b6
Be8 29. Bb5 g5 30. Bxe8 Rxe8 31. Qb5 Be7 32. c6 Rxa4 33. c7 Qc8 34. Qxe8+ Qxe8
35. c8=Q 1-0

[Event "C.to Provinciale VR"]
[Site "Zevio ITA"]
[Date "2014.01.25"]
[Round "4"]
[White "Mattioli, Mario"]
[Black "Jirillo, Antonio"]
[WhiteElo "1533"]
[BlackElo "1609"]
[Result "0-1"]
[PlyCount "82"]
[EventDate "2014.01.18"]

1. d4 Nf6 2. c4 d6 3. Nc3 Nbd7 4. Nf3 e5 5. dxe5 dxe5 6. e4 c6 7. Be2 Bb4 8.
Bg5 O-O 9. O-O Qc7 10. Qc2 Be7 11. Rad1 a5 12. a3 Nc5 13. Rd2 Be6 14. a4 Rad8
15. Rfd1 Rxd2 16. Rxd2 Rd8 17. Rxd8+ Bxd8 18. Qd1 Ncd7 19. h3 Ne8 20. Bxd8 Qxd8
21. Nxe5 Qc7 22. Nxd7 Bxd7 23. c5 Nf6 24. Qd4 Qf4 25. b3 Qc1+ 26. Kh2 Qf4+ 27.
g3 Qc7 28. Nd1 Qc8 29. h4 h6 30. Ne3 Be6 31. Nc4 Bxc4 32. Bxc4 Qg4 33. Bd3 Qd7
34. Qc4 Ng4+ 35. Kg2 Ne5 36. Qc2 Nxd3 37. Kf1 Qd4 38. Qd2 Qxe4 39. Qc2 Qd5 40.
Qd2 Nxc5 41. Qxd5 cxd5 0-1

[Event "C.to Provinciale VR"]
[Site "Zevio ITA"]
[Date "2014.01.25"]
[Round "4"]
[White "Menini, Luca"]
[Black "De Paoli, Emilio"]
[WhiteElo "1689"]
[BlackElo "1816"]
[Result "1-0"]
[PlyCount "89"]
[EventDate "2014.01.18"]

1. e4 e6 2. d4 c5 3. Nf3 cxd4 4. Nxd4 a6 5. Be3 Nf6 6. Nc3 Bb4 7. Bd3 d5 8. e5
Nfd7 9. f4 Nc5 10. O-O Nxd3 11. cxd3 O-O 12. Rc1 Nc6 13. Nxc6 bxc6 14. d4 a5
15. a3 Be7 16. Na4 Ba6 17. Rf2 Bb5 18. Nc5 Bxc5 19. Rxc5 a4 20. Bd2 f5 21. Bb4
Rf7 22. Qh5 Qe8 23. Rc3 Rb7 24. Qh4 Qg6 25. Rg3 Qf7 26. Rh3 g6 27. Qg5 Bc4 28.
Rh6 Re8 29. h4 Rxb4 30. axb4 Qe7 31. h5 Qxg5 32. fxg5 Kg7 33. hxg6 hxg6 34. Rf3
Rh8 35. Rxh8 Kxh8 36. Kf2 Kg7 37. Ke3 Bb3 38. Kd2 Bc4 39. g3 Bb3 40. Rc3 Bc4
41. Rxc4 dxc4 42. Kc3 Kf7 43. Kxc4 Ke7 44. Kc5 Kd7 45. Kb6 1-0

[Event "C.to Provinciale VR"]
[Site "Zevio ITA"]
[Date "2014.01.25"]
[Round "4"]
[White "Morandini, Alessandro"]
[Black "Adami, Antonio"]
[WhiteElo "1307"]
[BlackElo "1730"]
[Result "0-1"]
[PlyCount "64"]
[EventDate "2014.01.18"]

1. Nf3 Nf6 2. d4 g6 3. Nbd2 Bg7 4. e4 d6 5. Bd3 O-O 6. O-O c5 7. c3 cxd4 8.
cxd4 Qb6 9. Nc4 Qc7 10. b3 Nc6 11. Qd2 Nd7 12. Bb2 b5 13. Ne3 a6 14. h4 Nf6 15.
Rfc1 Qd7 16. Qc3 Bb7 17. d5 Nh5 18. Qd2 Bxb2 19. dxc6 Bxc1 20. Rxc1 Bxc6 21.
Nd5 Bxd5 22. exd5 Rac8 23. Rxc8 Qxc8 24. Qh6 Qg4 25. Ng5 Nf6 26. f3 Qd4+ 27.
Kh2 Qxd3 28. h5 Qf5 29. g4 Qf4+ 30. Kg2 Rc8 31. hxg6 Rc2+ 32. Kf1 Qc1# 0-1

[Event "C.to Provinciale VR"]
[Site "Zevio ITA"]
[Date "2014.01.25"]
[Round "4"]
[White "Paoli, Walter"]
[Black "Zanchetta, Nicola"]
[WhiteElo "1999"]
[BlackElo "1897"]
[Result "1/2-1/2"]
[PlyCount "172"]
[EventDate "2014.01.18"]

1. e4 c5 2. c3 e6 3. d4 cxd4 4. Qxd4 Nc6 5. Qd1 Nf6 6. Bd3 Bc5 7. Nf3 Ng4 8.
O-O Nce5 9. Nxe5 Nxe5 10. Be2 h5 11. Bf4 Ng6 12. Bd6 Qb6 13. Bxc5 Qxc5 14. Nd2
Nf4 15. Nc4 b5 16. Nd2 Bb7 17. Bf3 g5 18. e5 Bd5 19. Nb3 Qc7 20. Bxd5 Nxd5 21.
Re1 Ke7 22. Qd2 Rag8 23. Nd4 Qb7 24. Rad1 h4 25. Nf5+ exf5 26. Qxd5 Qxd5 27.
Rxd5 Rb8 28. Red1 Rb7 29. f3 Rg8 30. Kf2 Rg6 31. g3 hxg3+ 32. hxg3 Rh6 33. Kg2
Ra6 34. a3 Rh6 35. R1d4 a6 36. Rd6 Re6 37. f4 g4 38. Kf2 Rc7 39. Ke2 f6 40.
Rxe6+ dxe6 41. exf6+ Kxf6 42. a4 Rc6 43. axb5 axb5 44. Rb4 Rc5 45. Kd3 e5 46.
fxe5+ Kxe5 47. b3 Kd6 48. Rd4+ Ke6 49. Rd8 Ke7 50. Rb8 Re5 51. c4 bxc4+ 52.
bxc4 Ra5 53. Rb3 Kd6 54. Ke3 Ra1 55. Rb2 Rg1 56. Kf2 Rh1 57. Kg2 Rc1 58. Rb5
Rc2+ 59. Kg1 Ke6 60. Rc5 Kf6 61. Rc8 Ke5 62. Re8+ Kd4 63. Re7 Rxc4 64. Kf2 Rc2+
65. Kf1 Rc3 66. Kf2 Rf3+ 67. Kg2 Re3 68. Rd7+ Ke4 69. Re7+ Kd3 70. Rd7+ Ke2 71.
Rd5 Rf3 72. Re5+ Kd3 73. Re8 Re3 74. Rd8+ Kc4 75. Rd7 Re5 76. Kf2 Rd5 77. Re7
Kd4 78. Re1 Ra5 79. Re8 Re5 80. Rd8+ Ke4 81. Ra8 Re6 82. Ra4+ Ke5 83. Ra5+ Kf6
84. Ra4 Rb6 85. Kg2 Kg5 86. Ra5 Rb2+ 1/2-1/2

[Event "C.to Provinciale VR"]
[Site "Zevio ITA"]
[Date "2014.01.25"]
[Round "4"]
[White "Rizzati, Aldo"]
[Black "Jimchi, Abdelaziz"]
[WhiteElo "1908"]
[BlackElo "1783"]
[Result "1/2-1/2"]
[PlyCount "140"]
[EventDate "2014.01.18"]

1. e4 d5 2. exd5 Qxd5 3. d4 Nf6 4. c4 Qd6 5. Be2 c6 6. Nf3 Bg4 7. Nc3 e6 8. O-O
Qc7 9. c5 Nbd7 10. b4 g6 11. h3 Bxf3 12. Bxf3 Bg7 13. b5 O-O 14. bxc6 bxc6 15.
Qa4 Nd5 16. Nxd5 exd5 17. Bg5 Rfe8 18. Rfe1 f5 19. Rab1 Nf6 20. Bxf6 Bxf6 21.
Bxd5+ Kf8 22. Bxc6 Rxe1+ 23. Rxe1 Rd8 24. d5 Rc8 25. Rb1 Qe5 26. Qxa7 Qd4 27.
Bd7 Rd8 28. Be6 Be7 29. d6 Rxd6 30. Rb8+ Rd8 31. Rxd8+ Qxd8 32. Bb3 Qd4 33.
Qa8+ Bd8 34. Qc8 Kg7 35. c6 Qa1+ 36. Kh2 Qe5+ 37. g3 Bc7 38. Qg8+ Kh6 39. Qf8+
Qg7 40. Qc5 Qf6 41. Kg2 f4 42. Qc1 Qg5 43. Qc3 Be5 44. Qd3 fxg3 45. fxg3 Qc1
46. Bd5 Bc7 47. Qd4 Qe1 48. Qd3 Bb6 49. h4 Qf2+ 50. Kh3 Bc7 51. Bg2 Qxa2 52.
Qe3+ Kg7 53. Qe7+ Qf7 54. Qxf7+ Kxf7 55. Kg4 h5+ 56. Kf3 Kf6 57. g4 hxg4+ 58.
Kxg4 Bd6 59. Be4 Bc7 60. Kf3 Kg7 61. Ke3 Kh6 62. Bf3 Kg7 63. Kd4 Kf6 64. Bg4
Ke7 65. Kc5 Kd8 66. Kb5 Ke7 67. Ka6 Kd6 68. Kb7 Ba5 69. Bf3 Ke5 70. Bd1 Kf4
1/2-1/2

[Event "C.to Provinciale VR"]
[Site "Zevio ITA"]
[Date "2014.01.25"]
[Round "4"]
[White "Tencheni, Maurizio"]
[Black "Oppici, Gabriele"]
[WhiteElo "1684"]
[BlackElo "1977"]
[Result "0-1"]
[PlyCount "72"]
[EventDate "2014.01.18"]

1. c4 Nc6 2. d4 e5 3. d5 Nce7 4. Nc3 Ng6 5. g3 Bc5 6. Bg2 a5 7. e4 d6 8. Nge2
N8e7 9. O-O O-O 10. Qd3 f5 11. Be3 Bxe3 12. fxe3 b6 13. exf5 Bxf5 14. e4 Bd7
15. Rf2 Rxf2 16. Kxf2 Kh8 17. Rf1 Ng8 18. Nd1 Qg5 19. Ne3 h5 20. Kg1 Nh6 21.
Nf5 Bxf5 22. exf5 Ne7 23. h4 Qf6 24. Be4 Rf8 25. Kg2 Nexf5 26. Bxf5 Nxf5 27.
Kh3 g6 28. Nc3 Qg7 29. Ne4 Nd4 30. Ng5 Qd7+ 31. Kg2 Rxf1 32. Qxf1 Qf5 33. Qf2
Kg7 34. Nf3 Qe4 35. b3 Kf6 36. Qf1 Kf5 0-1

[Event "C.to Provinciale VR"]
[Site "Zevio ITA"]
[Date "2014.01.26"]
[Round "5"]
[White "Adami, Antonio"]
[Black "Benedetti, Maurizio"]
[WhiteElo "1730"]
[BlackElo "1755"]
[Result "1-0"]
[PlyCount "93"]
[EventDate "2014.01.18"]

1. e4 d6 2. d4 Nf6 3. Nc3 g6 4. g3 Bg7 5. Bg2 O-O 6. Nge2 e5 7. O-O Nc6 8. h3
Nh5 9. Be3 f5 10. dxe5 Nxe5 11. f4 Nc6 12. exf5 gxf5 13. g4 Nf6 14. g5 Nd7 15.
Bd5+ Kh8 16. Nd4 Nxd4 17. Bxd4 Nc5 18. Bxg7+ Kxg7 19. Qh5 c6 20. Qh6+ Kh8 21.
g6 Qe7 22. Bf7 Rxf7 23. gxf7 Qxf7 24. Qxd6 Ne4 25. Nxe4 fxe4 26. Qe5+ Qg7+ 27.
Qxg7+ Kxg7 28. f5 Kf6 29. Rae1 Bxf5 30. Rxe4 Kg6 31. Re7 b5 32. Rc7 Bxh3 33.
Rxc6+ Kg7 34. Rf3 Bg4 35. Re3 a5 36. Re7+ Kg8 37. Rcc7 h5 38. Kh2 Kf8 39. Kg3
Re8 40. Rf7+ Kg8 41. Rg7+ Kh8 42. Rge7 Ra8 43. Ra7 Rxa7 44. Rxa7 a4 45. c4 Be6
46. cxb5 Bxa2 47. Rxa4 1-0